1320 1461 1926 1636 1568 1654 1672 1792 1531 1324 1073 1782 1708 1307 1371 1543 1105 1698 1535 1999 1885 1902 1564 1502 1803 1861 1753 1358 1032 1169 1614 1094 1717 1751 1126 1354 1402 1567 1948 1061 1895 1626 1565 1107 1650 1001 1989 1984 1889 1957 1484 1025 1566 1852 1662 1263 1835 1203 1873 1997 1588 1787 1093 1282 1505 1997 1549 1874 1616 1628 1638 1833 1781 1872 1348 1175 1866 1513 1733 1941 1034 1225 1961 1699 1825 1854 1217 1935 1723 1651 1674 1006 1789 1498 1314 1758 1376 1933 1082 BCNSPRNW ULIB Ver.6.0+V

เปลี่ยนเป็นภาษาไทย

Change to English
 แสดงรายละเอียดบรรณานุกรม
  กลับหน้าหลัก

Brief Record : Get Marc (ISO 2709) : E-mail record : QR code < ปิดหน้าต่าง
LEADER : 00000nam 2200000uu 4500
001    13399123376
003     ULIB
008    140901s2542||||th 000 0 tha d
099    วจ WY18.5^bท483ส
100 0  ทิพย์รัตน สุทธิพงศ์, ทัศนีย์ เธียรถาวร และปริญดา ศรีธราพิพัฒน์
245 00 การสำรวจสมรรถนะของบัณฑิตพยาบาลศาสตร์ ที่สำเร็จการศึกษาในปี พ.ศ.2539 ถึง 2542 วิทยาลัยพยาบาลบรมราชชนนี ชัยนาท/^cทิพย์รัตน สุทธิพงศ์, ทัศนีย์ เธียรถาวร และปริญดา ศรีธราพิพัฒน์
260    ชัยนาท :^cวิทยาลัยพยาบาลบรมราชชนนี ชัยนาท,^b2542
300    118 หน้า
650  0 สมรรถนะ
945    ^p0^l0^i012643
999    ^aเกษร โพธิ์สุวรรณ
รายการนี้ยังไม่มีแท็ก
คุณยังไม่ได้ล็อกอิน คุณสามารถมีกิจกรรมร่วมกับเว็บไซต์ได้ แต่ต้องล็อกอินก่อน ::
  ล็อกอิน

รายการสื่อสารสนเทศ

ลำดับที่ ประเภท เลขเรียก/บาร์โค้ด สถานที่ สถานะ
1. งานวิจัย
งานวิจัย
วจ WY18.5 ท483ส ฉ.1 
  Barcode: 012643
ห้องสมุดวิทยาเขตสวรรค์ประชารักษ์
►วิจัย
บนชั้น

รายการใกล้เคียง
    หัวเรื่อง [สมรรถนะ]

BibComment


ยังไม่เคยถูกคอมเมนท์

คอมเมนท์ทรัพยากรรายการนี้
  คอมเมนท์: การสำรวจสมรรถนะขอ..


 Copyright 2026. Bcnsprnw @Library